00614 2200229 4500001002100000005001700021008004100038035002400079082001000103090001500113245006700128250001200195260004400207300002900251500001100280650001900291700002400310850001600334980001300350985000600363999001500369YOGYA-0209000001730820090227022738.0 ind  0010-020900000017308 a616.9 a616.9bPro aPROBLEM oriented medical diagnosisceditor, H. Harold Friedman a2nd. Ed aBostonbLittle, Brown and Companyc1982 axv, 388 hlmbilusc22 cm aIndeks aPenyakit dalam aFriedman, H. Harold aYOPDYOG (B) a23-01-06 a1 aA000010803